MARC

LEADER 00000nam0a2200000 4500
001 360114
005 20250211063213.0
035 |a (RuTPU)RU\TPU\retro\17422 
035 |a RU\TPU\retro\17418 
090 |a 360114 
100 |a 20210311d1972 k y0rusy5003 ca 
101 0 |a rus 
102 |a RU 
105 |a y z 001zy 
200 1 |a Динамика и прочность машин  |e [тематический сборник]  |f Московский энергетический институт ; под ред. В. В. Болотина 
210 |a Москва  |c Изд-во МЭИ  |d 1972 
215 |a 159 с.  |c табл., ил. 
225 1 |a Труды Московского энергетического института (МЭИ)  |v Вып. 101 
320 |a Библиогр. в конце ст. 
500 1 0 |a Труды Московского энергетического института  |9 88841 
606 1 |a Машины  |x Динамика  |2 stltpush  |3 (RuTPU)RU\TPU\subj\41691  |9 61477 
606 1 |a Машины  |x Расчет на прочность  |2 stltpush  |3 (RuTPU)RU\TPU\subj\41695  |9 61481 
610 1 |a композитные материалы 
610 1 |a полимеры 
610 1 |a механика 
610 1 |a эпоксидные связующие 
610 1 |a кинетика отверждения 
610 1 |a намоточные устройства 
610 1 |a стеклопластиковые изделия 
610 1 |a остаточные напряжения 
610 1 |a обработка результатов 
610 1 |a математическое обеспечение 
610 1 |a технологические режимы 
610 1 |a испытания 
610 1 |a деформации 
610 1 |a краевые эффекты 
610 1 |a статистическая динамика 
610 1 |a теория надежности 
610 1 |a механические системы 
610 1 |a устойчивость 
610 1 |a колебания 
610 1 |a упругие системы 
675 |a 621.01:531.3  |v 3 
675 |a 621.01:539.4  |v 3 
702 1 |a Болотин  |b В. В.  |4 340 
712 0 2 |a Московский энергетический институт  |c (1930-1992)  |3 (RuTPU)RU\TPU\col\20092  |9 27693 
801 0 |a RU  |b 63413507  |c 19950704  |g psbo 
801 1 |a RU  |b 63413507  |c 20060118  |g PSBO 
801 2 |a RU  |b 63413507  |c 20220208  |g PSBO 
942 |c BK